Sherlock Holmes: Obras completas

Guardat en:
Dades bibliogràfiques
Autor principal: Doyle, Arthur Conan (Autor)
Format: Llibre
Idioma:espanyol
Publicat: Buenos Aires Díada 2007
Edició:1a. ed
Matèries:
Etiquetes: Afegir etiqueta
Sense etiquetes, Sigues el primer a etiquetar aquest registre!

MARC

LEADER 00000cam a2200000 a 4500
001 UCG2253
003 CL-VaPUC
008 100701e20070000AG |||||||||||||||||spa|d
020 |a 9789871427017t.1 
020 |a 9789871427031t.2 
020 |a 9789871427048t.3 
020 |a 9789871427055t.4 
082 0 4 |a 820  |b DOY  |2 21 
100 0 |a Doyle, Arthur Conan  |e author  |9 550663 
245 1 0 |a Sherlock Holmes: Obras completas 
250 |a 1a. ed 
300 |a 4 t 
942 |c BK 
945 |d 20100701 00:00:00  |a cmena 
260 |a Buenos Aires  |b Díada  |c 2007 
650 0 |a Novelas inglesas  |9 265220 
650 0 |a Literatura inglesa  |9 312907 
583 |a last modification  |c 20120718 11:03:51  |k Rodrigo Vera 
999 |c 341477  |d 341475 
952 |0 0  |1 0  |2 ddc  |4 0  |6 820_000000000000000_DOY_2007  |7 0  |8 C  |9 436991  |a BIBCUR  |b BIBCUR  |d 2019-11-22  |h t.1  |i 4671104  |l 2  |m 2  |o 820 DOY 2007  |p 4671104  |r 2025-04-22  |s 2025-03-07  |w 2019-11-22  |y BK  |k CAC 
952 |0 0  |1 0  |4 0  |6 820_000000000000000_DOY_2007  |7 0  |8 C  |9 436992  |a BIBCUR  |b BIBCUR  |d 2019-11-22  |h t.2  |i 4671112  |l 4  |m 3  |o 820 DOY 2007  |p 4671112  |r 2025-04-22  |s 2024-09-23  |w 2019-11-22  |y BK  |k CAC 
952 |0 0  |1 0  |4 0  |6 820_000000000000000_DOY_2007  |7 0  |8 C  |9 436993  |a BIBCUR  |b BIBCUR  |d 2019-11-22  |h t.3  |i 4671120  |l 2  |m 3  |o 820 DOY 2007  |p 4671120  |r 2025-04-22  |s 2023-06-27  |w 2019-11-22  |y BK  |k CAC 
952 |0 0  |1 0  |4 0  |6 820_000000000000000_DOY_2007  |7 0  |8 C  |9 436994  |a BIBCUR  |b BIBCUR  |d 2019-11-22  |h t.4  |i 4671139  |o 820 DOY 2007  |p 4671139  |r 2025-04-22  |w 2019-11-22  |y BK  |k CAC 
952 |0 0  |1 0  |4 0  |6 820_000000000000000_DOY_2007  |7 0  |8 A  |9 436995  |a BIBING  |b BIBING  |d 2019-11-22  |h t.1  |i 4873459  |l 4  |m 1  |o 820 DOY 2007  |p 4873459  |r 2025-01-20  |s 2024-04-15  |w 2019-11-22  |y BK  |k CUI 
952 |0 0  |1 0  |4 0  |6 820_000000000000000_DOY_2007  |7 0  |8 A  |9 436996  |a BIBING  |b BIBING  |d 2019-11-22  |h t.2  |i 4873467  |o 820 DOY 2007  |p 4873467  |r 2025-01-20  |w 2019-11-22  |y BK  |k CUI 
952 |0 0  |1 0  |4 0  |6 820_000000000000000_DOY_2007  |7 0  |8 A  |9 436997  |a BIBING  |b BIBING  |d 2019-11-22  |h t.3  |i 4873475  |o 820 DOY 2007  |p 4873475  |r 2025-01-20  |w 2019-11-22  |y BK  |k CUI 
952 |0 0  |1 0  |4 0  |6 820_000000000000000_DOY_2007  |7 0  |8 A  |9 436998  |a BIBING  |b BIBING  |d 2019-11-22  |h t.4  |i 4873483  |o 820 DOY 2007  |p 4873483  |r 2025-01-20  |w 2019-11-22  |y BK  |k CUI